Territorien des Britischen Weltreichs im Jahre 1920 - Statistiken

Allgemein
  • Dieses Quiz wurde 424 mal gespielt
    337 seit der letzten Aktualisierung
  • Das Durchschnittsergebnis liegt bei 31 aus 77
Antwortstatistiken
Status Territorium % Korrekt
Britisch-Indien Britisch-{Indien}
93%
Britisch-Indien Indien
93%
Dominions Australien
90%
Dominions Kanada
87%
Dominions Neuseeland
86%
Kronkolonien Südafrika
81%
Vereinigtes Königreich Vereinigtes Königreich
77%
Protektorate Ägypten
69%
Sowohl Kolonien als Protektorate Kenia
67%
Protektorate Anglo-Ägyptischer Sudan
64%
Protektorate Fidschi
61%
Kronkolonien Hongkong
60%
Kronkolonien Jamaika
60%
Kronkolonien Malta
60%
Sowohl Kolonien als Protektorate Nigeria
59%
Kronkolonien Bahamas
58%
Australisches Außengebiet Papua
58%
Militärverwaltung Zypern
58%
Mandatsgebiete Westsamoa
57%
Protektorate Föderierte Malaiische Staaten
56%
Protektorate Unföderierte Malaiische Staaten
56%
Kronkolonien Gibraltar
55%
Protektorate Tonga
54%
Protektorate Uganda
53%
Kronkolonien Britisch-Guayana
51%
Protektorate Britisch-Salomonen
50%
Kronkolonien Barbados
47%
Kronkolonien Falklandinseln und abhängige Gebiete
47%
Sowohl Kolonien als Protektorate Gambia
47%
Protektorate Malediven
47%
Mandatsgebiete Nauru
47%
Protektorate Maskat und Oman
46%
Mandatsgebiete Palästina
46%
Protektorate Kuwait
45%
Kronkolonien Seychellen
45%
Kronkolonien Trinidad und Tobago
45%
Protektorate Bahrain
44%
Protektorate Katar
44%
Dominions Neufundland
44%
Verwaltung der BSAC Nordrhodesien
44%
Mandatsgebiete Britisch-Kamerun
43%
Kronkolonien Mauritius
43%
Kronkolonien Bermuda
41%
Kronbesitze Insel Man
40%
Kronkolonien Britisch-Honduras
39%
Protektorate Swasiland
39%
Kronkolonien Sierra Leone
38%
Mandatsgebiete Neuguinea
36%
Protektorate Brunei
35%
Verwaltung der BSAC Südrhodesien
34%
Kronkolonien Sankt Helena
33%
Protektorate Britisch-Somaliland
32%
Protektorate Sansibar
32%
Kronbesitze Kanalinseln
28%
Kronkolonien Ceylon
25%
Mandatsgebiete Tanganjika
25%
Kronkolonien Goldküste
24%
Kronkolonien Pitcairninseln
23%
Mandatsgebiete Britisch-Togoland
20%
Protektorate Sarawak
19%
Mandatsgebiete Südwestafrika
19%
Protektorate Aden
14%
Protektorate Betschuanaland
14%
Kronkolonien Britische Inseln über dem Winde
12%
Kronkolonien Britische Inseln unter dem Winde
12%
Protektorate Britisch-Nordborneo
12%
Anglo-Französisches Kondominium Neue Hebriden
12%
Protektorate Piratenküste
11%
Kronkolonien Basutoland
8%
Protektorate Njassaland
8%
Kronkolonien Turks- und Caicosinseln
8%
Kronkolonien Ascension
5%
Kronkolonien Tristan da Cunha
5%
Protektorate Sikkim
4%
Kronkolonien Gilbert- und Elliceinseln
2%
Kronkolonien Straits Settlements
2%
Pachtgebiet Wei-Hai-Wei
2%
Keine übereinstimmenden Quizze gefunden
Verteilung der Resultate
Anzahl Personen mit jedem Resultat
Perzentil nach korrekt beantworteten Fragen
Ihre Resultats-Entwicklung
Sie haben dieses Quiz seit der letzten Aktualisierung nicht gespielt